000 00724nam a2200229Ia 4500
003 GCL
008 140319s9999 xx 000 0 ara d
040 _aGCL /
_cGCL
082 0 4 _aط
_b380.5
_bم ف
100 1 _aمحمد عبدالفتاح ابراهيم
245 1 0 _aقصة النقل /
_cمحمد عبدالفتاح ابراهيم
260 _a[S.N] :
_bمكتبة الانجلوالمصرية ،
_c1967
300 _a86 ص
490 _aسلسلة تبسيط العلوم للناشئين
_v0
650 0 4 _aالاطفال
650 0 4 _aقصص الاطفال
650 0 4 _aالمواصلات
650 0 4 _aالسكك الحديدية
650 0 4 _aالنقل
650 0 4 _aالبواخر
942 _2ddc
_cBK
999 _c32735
_d32735